000 00626nam a2200181 i 4500
001 37277
003 ES-MaACL
005 20230906155534.0
007 t|
008 030220s1908 sp ||||1| spa d
100 1 _aBusto-Solís, José María del.
_932917
245 1 0 _aCuadros de la vida, figuras que pasan, impresiones, perfiles literarios /
_cJ. del Busto-Solís ; prólogo de Andrés González Blanco.
260 _aMadrid :
_b[s.n.],
_c1908 (
_fImp. "El Trabajo")
300 _a126 p. ;
_c18 cm.
700 1 _aGonzález-Blanco, Andrés,
_d1886-1924
_958459
852 _aES-MaACL
_jG-9897
999 _c37277
_d37277